000 00756nam a22002657a 4500
001 BR2010004562
003 BR-BrBNA
005 20230928103340.0
007 ta
008 230509b bl.||||| |||| 00| 0 por d
040 _aBR-BrBNA
_bpor
_cBiblioteca Nacional de Agricultura
041 _a(Por)
072 _aE14
090 _ E14 BR2010004562
110 1 _aPresidência da República, Brasília, DF (Brasil). Secretaria Especial de Aquicultura e Pesca
245 1 _aPlano estratégico 2008/2011
260 3 _aBrasília, DF (Brasil):
_c2007.
300 _a89 p.
650 _aPESCA
650 _aGESTÃO
650 _aPLANEJAMENTO ESTRATÉGICO
650 _aDESENVOLVIMENTO ECONOMICO
909 _a202309
_bLucia
_c55
_dLucia Elande
942 _cBK
999 _c74717
_d74717